| 000 | 00555nam a2200181 i 4500 | ||
|---|---|---|---|
| 001 | 136722 | ||
| 003 | ES-MaACL | ||
| 005 | 20230906195218.0 | ||
| 007 | t| | ||
| 008 | 070214s1920 fr f |||| | fre d | ||
| 100 | 1 |
_aSaladin, Henri. _9101694 |
|
| 245 | 1 | 0 |
_aL'art ornamental hispano-mauresque _b: l'Alhambra de Grenade / _cpar H. Saladin. |
| 260 |
_aParis : _bAlbert Moraucé, _c1920. |
||
| 300 |
_a3 h., 40 lám. ; _c23 x 18 cm. |
||
| 610 | 2 | 4 |
_aAlhambra (Granada) _9145495 |
| 650 | 0 | 4 |
_aArte musulmán- _zEspaña. _910253 |
| 852 |
_aES-MaACL _jF-13706 |
||
| 999 |
_c136722 _d136722 |
||